000 00533nam a2200205 a 4500
001 BRCA_6867
005 20190320205624.0
008 101111s1947----u--#######---#000-0#eng-#
041 _aeng
044 _au
050 4 _aPZ3
_b.G374C 1947
100 1 _aGardner, Erle Stanley
_910425
245 1 0 _aThe case of the Lazy Lover
_cby Erle Stanley Gardner
260 _aNueva York
_bWilliam Morrow and Co.
_c1947
300 _a250 p.
_c20 cm.
500 _aO58
650 1 4 _aNovelas policĂ­acas
_9877
902 _aGFM
942 _2lcc
_cB
999 _c6549
_d6549